Les prisons de l'univers Marvel - Statistiques

Statistiques générales
  • Ce quiz a été pris 21 fois
  • Le résultat moyen est 3 sur 15
Statistiques - réponses
Hint Réponse % Correct
Prison qui accueille des super-vilains trop dangereux pour être incarcérés dans la précédente dont elle est la voisine Raft / Radeau
90%
Prison spatiale intergalactique conçue pour abriter les plus dangereux criminels de l'univers Kyln
30%
Asile pour les super-criminels mentalement instables Ravencroft / Institut Ravencroft
30%
Ile prison située entre 2 boroughs de New York Ryker's Island / Ile de Ryker / Ryker
30%
Prison située dans la Zone Négative 42 / Prison 42 / Zone 42
25%
Prison devenue la capitale du nouvel Empire Kree Cube
25%
Centre de détention spécialement bâti pour accueillir des super-criminels basé dans les montagnes du Colorado Voûte / Vault
25%
Lieu de détention ressemblant à une petite ville et dont les prisonniers avaient les souvenirs remodelés par un Cube Cosmique Pleasant Hill
15%
Prison rendue minuscule grâce aux particules Pym Big House / Grand Manoir / Grande Maison / Clapier
10%
Centre pénitentiaire insulaire construit sur l'ancienne prison de "La Mort" Cage
10%
Pénitencier de haute sécurité britannique Crossmoor / Crossmoor Prison / Prison de Crossmoor
10%
Prison au personnel corrompu dans laquelle furent enfermés plusieurs héros durant le Devil's Reign / Règne du Diable ( quand le Caïd devenu maire de New York avait déclaré les super-héros hors-la-loi ) Myrmidon
10%
Centre de détention et d'étude de surhumains fondé par le gouvernement projet : Pegasus / Project : Pegasus
10%
Prison dans laquelle Luke Cage obtint ses pouvoirs Seagate
10%
Prison pour les voyous d'une dangerosité moindre New York State Prison / Prison d'Etat de New York
5%
Aucun quiz correspondant
Distribution des résultats
% des personnes avec chaque résultat
Percentile par nombre de réponses
Votre historique - résultats
Vous n’avez pas pris ce quiz